¿Hacia dónde va el gasto público en educación?: Logros y desafíos, Vol. I :La búsquedade la eficiencia/ por Ernesto Cohen; Ernesto Schiefelbein; Laurence Wolff; Paulina Schiefelbein. (Record no. 136748)
[ view plain ]
| 000 -CABECERA | |
|---|---|
| campo de control de longitud fija | 01076nam a2200265 a 4500 |
| 005 - FECHA Y HORA DE LA ÚLTIMA TRANSACCIÓN | |
| campo de control | 20210219160405.0 |
| 008 - ELEMENTOS DE LONGITUD FIJA--INFORMACIÓN GENERAL | |
| campo de control de longitud fija | 081030s2000 mx r 000 0 spa d |
| 020 ## - NÚMERO INTERNACIONAL NORMALIZADO PARA LIBROS | |
| Número Internacional Estándar del Libro | 9213216580 |
| 035 ## - NÚMERO DE CONTROL DEL SISTEMA | |
| Número de control de sistema | UPN01000164636 |
| 049 ## - COLECCIÓN | |
| Colección | UNE |
| 080 ## - NÚMERO DE CLASIFICACIÓN DECIMAL UNIVERSAL | |
| Número de la Clasificación Decimal Universal | 336.5: 37 (7/8) "2000" HAC No.42 Vol.I. |
| 245 01 - MENCIÓN DE TÍTULO | |
| Título | ¿Hacia dónde va el gasto público en educación?: Logros y desafíos, Vol. I :La búsquedade la eficiencia/ por Ernesto Cohen; Ernesto Schiefelbein; Laurence Wolff; Paulina Schiefelbein. |
| 260 ## - PUBLICACIÓN, DISTRIBUCIÓN, ETC. | |
| Lugar de publicación, distribución, etc. | Santiago de Chile : CEPAL, 2000. |
| 300 ## - DESCRIPCIÓN FÍSICA | |
| Extensión | 48 p.; 28 cm. il. |
| 440 #0 - MENCIÓN DE SERIE/ASIENTO SECUNDARIO--TÍTULO | |
| Título | Serie políticas sociales; 42, Vol. I |
| 500 ## - NOTA GENERAL | |
| Nota general | Copatrocinado por el Banco Interamericano de Desarrollo (BID) y la UNESCO. |
| 500 ## - NOTA GENERAL | |
| Nota general | Incluye bibliografía. |
| 690 ## - PUNTO DE ACCESO ADICIONAL DE MATERIA LOCAL--TÉRMINO DE MATERIA (OCLC, RLIN) | |
| Término de materia o nombre geográfico como elemento inicial | Gasto educacional |
| 690 ## - PUNTO DE ACCESO ADICIONAL DE MATERIA LOCAL--TÉRMINO DE MATERIA (OCLC, RLIN) | |
| Término de materia o nombre geográfico como elemento inicial | América Latina |
| 700 1# - ASIENTO SECUNDARIO--NOMBRE DE PERSONAL | |
| Nombre de persona | Cohen, Ernesto |
| 700 1# - ASIENTO SECUNDARIO--NOMBRE DE PERSONAL | |
| Nombre de persona | Wolff, Laurence |
| 710 2# - ASIENTO SECUNDARIO - NOMBRE CORPORATIVO | |
| Nombre de entidad corporativa o nombre de jurisdicción como elemento de entrada | Comisión Económica para América Latina |
| 710 2# - ASIENTO SECUNDARIO - NOMBRE CORPORATIVO | |
| Nombre de entidad corporativa o nombre de jurisdicción como elemento de entrada | Taller sobre "Evaluación de la Gestión del Gasto Público en Educación", Chile: 27 de enero del 2000. |
| 905 ## - TIPO DE MATERIAL | |
| Tipo de material | UNESCO |
No items available.
